Statistics for Singers Who Went Solo

Click here to take the quiz!

General Stats

  • This quiz has been taken 64,969 times
    (43,365 since last reset)
  • The average score is 13 of 22

Answer Stats

HintAnswer% Correct
John LennonThe Beatles
98%
Freddie MercuryQueen
91%
Michael JacksonThe Jackson 5
91%
BeyonceDestiny's Child
75%
Zayn MalikOne Direction
74%
FergieThe Black Eyed Peas
74%
StingThe Police
74%
Justin Timberlake'N Sync
71%
George MichaelWham!
68%
Ozzy OsbourneBlack Sabbath
67%
Diana RossThe Supremes
62%
Phil CollinsGenesis
61%
Gwen StefaniNo Doubt
57%
Robert PlantLed Zeppelin
51%
Robbie WilliamsTake That
44%
David Lee RothVan Halen
40%
Lauryn HillThe Fugees
38%
MorrisseyThe Smiths
38%
Lou ReedThe Velvet Underground
32%
Gloria EstefanThe Miami Sound Machine
31%
Rob ThomasMatchbox 20
27%
Iggy PopThe Stooges
26%

Score Distribution

Percentile by Number Answered

Percent of People with Each Score

Your Score History

You have not taken this quiz since the last reset